logo

Bir Sreshtho Munshi Abdur Rouf Library
Jhenaidah Cadet College

The Enchanted Landscape : (Record no. 9188)

MARC details
000 -LEADER
fixed length control field 00586nam a22002177a 4500
001 - CONTROL NUMBER
JCCL Control Number 9188
003 - CONTROL NUMBER IDENTIFIER
JCCL marc code BD-JhCC
005 - DATE AND TIME OF LATEST TRANSACTION
control field 20180628102018.0
008 - FIXED-LENGTH DATA ELEMENTS--GENERAL INFORMATION
fixed length control field 180310s1981 bg ||||| |||| 00| 0 eng d
035 ## - SYSTEM CONTROL NUMBER
system control number (BD-JhCC) 9188
040 ## - CATALOGING SOURCE
Original cataloging agency BD-JhCC
Modifying agency BD-JhCC
041 ## - LANGUAGE CODE
Language code of Book eng
082 ## - DEWEY DECIMAL CLASSIFICATION NUMBER
Classification number 821.109353
Author mark and Year HAQ 1981
100 ## - MAIN ENTRY--PERSONAL NAME
Personal name Haque, Ahsanul
245 ## - TITLE STATEMENT
Title The Enchanted Landscape :
Statement of responsibility, etc Studies in Middle English Dream Poetry /
Remainder of title Ahsanul Haque
260 ## - PUBLICATION, DISTRIBUTION, ETC. (IMPRINT)
Place of publication, distribution, etc Bngladesh:
Name of publisher, distributor, etc University Of Dacca
Date of publication, distribution, etc HAQ 1981
300 ## - PHYSICAL DESCRIPTION
Pagination 120 p ;
Dimensions 22 cm
650 ## - SUBJECT ADDED ENTRY--TOPICAL TERM
Topical term or geographic name as entry element Poetry
942 ## - ADDED ENTRY ELEMENTS (KOHA)
Source of classification or shelving scheme Dewey Decimal Classification
Koha item type Books
Holdings
Source of classification or shelving scheme Damaged status Not for loan Home library Current library Shelving location Date of accession Cost, normal purchase price Total Checkouts Full call number Barcode Date last seen Copy number Koha item type
Dewey Decimal Classification     JCC Rouf Library JCC Rouf Library General Stacks 03/10/2018 20.00   821.109353 HAQ 1981 12171 03/10/2018 C-1 Books

JCC Library | Contacts | JCC Home

Last Update on 23 September 2017
Copyright @ 2017-2020 JCC Rouf Library
Rouf Library, Jhenidah Cadet College (JCC), Bangladesh